000 05827cam a22018974i 4500
003 PE-LiUPU
005 20250813165909.0
008 150706s2012 sp a r 000 0 spa d
020 _a9788480868624
035 _a(Sirsi) i9788480868624
040 _aPE-LiUPU
_bspa
_cPE-LiUPU
_erda
049 _aPRUA
082 0 4 _a610.7362
_bA31
_221
100 1 _aAguilar Cordero, María José,
_eautor.
245 1 0 _aTratado de enfermería del niño y el adolescente. Cuidados pediátricos /
_cMaría José Aguilar Cordero.
250 _a2a ed.
264 1 _aBarcelona :
_bElsevier,
_c2012.
300 _a465 páginas :
_bilustraciones ;
_c28 centímetros
336 _atext
_2rdacontent
337 _aunmediated
_2rdamedia
338 _avolume
_2rdacarrier
505 0 _aAspectos generales de los cuidados de enfermería del niño, del adolescente y de la familia -- Alteraciones más frecuentes del neonato -- El niño sano y el adolescente -- Problemas crónicos de salud en la infancia -- Disfunción digestiva, gastrointestinal y electrolítica del niño. Principales alteraciones quirúrgicas. El niño con disfunción respiratoria -circulatoria. Infecciones más frecuentes en la infancia -- El niño con disfunción genitourinaria y endocrina -- Disfunción del sistema nervioso central y afecciones neuromusculares del niño. Farmacocinética -- Principales problemas sociales en la infancia. Alteraciones ambientales y de la salud del niño.
526 _aP203
526 _aP200
526 _aSEG65
526 _aSEG64
526 _aSEG63
526 _aSEG62
526 _aSEG61
526 _aSEG60
526 _aSEG59
526 _aSEG58
526 _aSEG57
526 _aSEG56
526 _aSEG55
526 _aSEG54
526 _aSEG53
526 _aSEG52
526 _aSEG51
526 _aSEG50
526 _aSEG49
526 _aSEG48
526 _aSEG47
526 _aSEG46
526 _aSEG24
526 _aSEG23
526 _aSEG22
526 _aSEG21
526 _aSEG20
526 _aSEG19
526 _aSEG18
526 _aSEG17
526 _aSEG16
526 _aSEG14
526 _aSEG13
526 _aSEG12
526 _aSEG11
526 _aSEG10
526 _aSEG09
526 _aSEG06
526 _aSEG05
526 _aSEG04
526 _aSEG03
526 _aSEG02
526 _aSEG68
526 _aSEG66
526 _aSEG45
526 _aSEG25
526 _aSEG01
526 _aP163
526 _aP162
526 _aP161
526 _aP160
526 _aP159
526 _aP158
526 _aP157
526 _aP156
526 _aP155
526 _aP154
526 _aP153
526 _aP152
526 _aP151
526 _aP150
526 _aP149
526 _aP142
526 _aP141
526 _aP140
526 _aP139
526 _aP138
526 _aP137
526 _aP132
526 _aP131
526 _aP130
526 _aP126
526 _aP125
526 _aP124
526 _aP123
526 _aP115
526 _aP122
526 _aP121
526 _aP116
526 _a P114
526 _aP112
526 _aP111
526 _aP104
526 _aP103
526 _aP102
526 _aP101
526 _aP100
526 _aP96
526 _aP95
526 _aP93
526 _aP92
526 _aP91
526 _aP88
526 _aP83
526 _aP82
526 _aP79
526 _aP78
526 _aP75
526 _aP74
526 _aP71
526 _aP69
526 _a P51
526 _aP49
526 _aP48
526 _aP47
526 _aP33
526 _aP31
526 _a P30
526 _aP29
526 _aP27
526 _aP26
526 _aP25
526 _aP24
526 _a P22
526 _aP10
526 _aP09
526 _a P08
526 _aP06
526 _aP05
526 _aP04
526 _aP01
541 _g001-000072;
541 _g001-000090;
541 _g001-000090;
650 0 4 _aEnfermería Pediátrica.
650 0 4 _aNiños
_xCuidados en hospitales.
910 _agl
_bjv
_cng
_d20121227
942 _2ddc
_cBOOK
949 _a610.7362 A31
_wDEWEY
_c1
_i66146
_lCCODEBUL1
_mBUL
_p67.00
_r0
_sY
_tBOOK
_u2015-7-6
_xSALUD
_PP22
_o.STAFF. Colección General
949 _a610.7362 A31
_wDEWEY
_c2
_i67084
_lCCODEBUL1
_mBUL
_p60.00
_r0
_sY
_tBOOK
_u2015-7-6
_xSALUD
_PP22
_o.STAFF. Colección General
949 _a610.7362 A31
_wDEWEY
_c3
_i67085
_lCCODEBUL1
_mBUL
_p60.00
_r0
_sY
_tBOOK
_u2015-7-6
_xSALUD
_PP22
_o.STAFF. Colección General
994 _aC0
_bPEPRU
596 _a1
999 _a610.7362 A31
_wDEWEY
_c54457
_i66146
_d54457
_e2019-3-15
_f2021-11-3
_g5
_lCCODEBUL1
_mBUL
_n1
_p67.00
_r0
_sY
_tBOOK
_u2015-7-6
_xSALUD
_PP22
_0COMPRA
_o.STAFF. Colección Ciencias de la Salud
999 _a610.7362 A31
_wDEWEY
_c2
_i67084
_d2015-9-8
_e2015-9-8
_f2021-11-3
_g5
_lCCODEBUL1
_mBUL
_n3
_p60.00
_r0
_sY
_tBOOK
_u2015-7-6
_xSALUD
_PP22
_0COMPRA
_o.STAFF. Colección Ciencias de la Salud
999 _a610.7362 A31
_wDEWEY
_c3
_i67085
_f2021-11-3
_g5
_lCCODEBUL1
_mBUL
_p60.00
_r0
_sY
_tBOOK
_u2015-7-6
_xSALUD
_PP22
_0COMPRA
_o.STAFF. Colección Ciencias de la Salud
999 _a610.7362 A31
_wDEWEY
_c4
_i70312
_d2015-8-7
_e2015-7-31
_f2021-11-3
_g5
_lCCODEBUL1
_mBUL
_n1
_p106.50
_r0
_sY
_tBOOK
_u2015-7-30
_xSALUD
_PP22
_0COMPRA
_o.STAFF. Colección Ciencias de la Salud
999 _a610.7362 A31
_wDEWEY
_c5
_i70313
_d2015-10-7
_e2015-10-6
_f2021-11-3
_g5
_lCCODEBUL1
_mBUL
_n6
_p106.50
_r0
_sY
_tBOOK
_u2015-7-30
_xSALUD
_PP22
_0COMPRA
_o.STAFF. Colección Ciencias de la Salud
980 _81
_gALBERTO SANCHEZ Responsable de Automatización